000 00767nam a2200241Ia 4500
003 OSt
005 20220923221608.0
006 a|||||r|||| 00| 0
007 ta
008 220922b |||||||| |||| 00| 0 hin d
024 _a198,404
037 _cTextual
040 _aARTS
_cARTS
_bhin
041 _2hin
_ahin
082 _aP152:3, 152J7
100 _aशरण, राम लोचन
245 0 _aहिन्दी व्याकरण चन्द्रोदय
246 _aHindī vyākaraṇ chandrodaya
260 _aलेहरियासराय
_b पुस्तक भंडार
_c1957
300 _a312पृ.
_ccm.
942 _hP152:3, 152J7
_cTEXL
_2CC
999 _c350250
_d350250